[Event "NB I. Charousek csoport"]
[Site "Budapest"]
[Date "2024.03.10"]
[Round "8.4"]
[White "Ongut, Tamas Gunes"]
[Black "Amrein, Roland"]
[Result "1-0"]
[WhiteElo "2263"]
[BlackElo "2178"]
[PlyCount "75"]
[EventDate "2023.10.08"]
[EventType "team-tourn"]
[EventRounds "11"]
[EventCountry "HUN"]
[Source "chess.hu"]
[WhiteTeam "MTK Budapest"]
[BlackTeam "Komloi BSK"]
[WhiteTeamCountry "HUN"]
[BlackTeamCountry "HUN"]

1. e4 c5 2. Nf3 Nc6 3. Bb5 e5 4. O-O Nge7 5. c3 g6 6. d4 exd4 7. cxd4 cxd4 8.
Nxd4 Bg7 9. Be3 O-O 10. Nc3 d5 11. exd5 Nb4 12. d6 Ned5 13. Ne4 Be5 14. Nf3 Bg4
15. Bc4 Nxe3 16. fxe3 Nc6 17. h3 Bxf3 18. Rxf3 Kg7 19. Qd5 f6 20. Raf1 Qb6 21.
Nc5 Qxb2 22. Ne6+ Kh8 23. Nxf8 Rxf8 24. d7 Kg7 25. Bb5 Nd8 26. Qc5 b6 27. Qd5
h5 28. Bd3 Qb4 29. Rd1 Qe7 30. g4 hxg4 31. hxg4 Rh8 32. Bc4 Kf8 33. Rh3 Qg7 34.
Qa8 Ke7 35. Qxa7 f5 36. g5 Bh2+ 37. Rxh2 Qc3 38. Qxb6 1-0

[Event "NB I. Charousek csoport"]
[Site "Budapest"]
[Date "2024.03.10"]
[Round "8.5"]
[White "Kresz, Adam"]
[Black "Matyassy, Lazar"]
[Result "1/2-1/2"]
[WhiteElo "2158"]
[BlackElo "2199"]
[PlyCount "68"]
[EventDate "2023.10.08"]
[EventType "team-tourn"]
[EventRounds "11"]
[EventCountry "HUN"]
[Source "chess.hu"]
[WhiteTeam "Komloi BSK"]
[BlackTeam "MTK Budapest"]
[WhiteTeamCountry "HUN"]
[BlackTeamCountry "HUN"]

1. g3 Nf6 2. Bg2 e5 3. c4 c6 4. d4 e4 5. Nc3 d5 6. cxd5 cxd5 7. Bg5 Nbd7 8. Nh3
h6 9. Bxf6 Nxf6 10. O-O Bd6 11. f3 exf3 12. exf3 O-O 13. Qd2 Bf5 14. Rfe1 Rc8
15. Nf4 Bb8 16. Bf1 a6 17. Rad1 Qd6 18. Bd3 Bxd3 19. Qxd3 Ba7 20. Qf5 Rcd8 21.
a3 Qd7 22. Re5 Qxf5 23. Rxf5 Rd6 24. Kf2 Rfd8 25. Ke3 g6 26. Re5 R6d7 27. Kd3
Bb8 28. Re3 Bxf4 29. gxf4 Nh5 30. Ne2 Rd6 31. f5 Rb6 32. Kc2 Rc6+ 33. Kd3 Rb6
34. Kc2 Rc6+ 1/2-1/2

[Event "NB I. Charousek csoport"]
[Site "Budapest"]
[Date "2024.03.10"]
[Round "8.7"]
[White "Kresz, Tamas"]
[Black "Geher, Koppany"]
[Result "0-1"]
[WhiteElo "2137"]
[BlackElo "2263"]
[PlyCount "80"]
[EventDate "2023.10.08"]
[EventType "team-tourn"]
[EventRounds "11"]
[EventCountry "HUN"]
[Source "chess.hu"]
[WhiteTeam "Komloi BSK"]
[BlackTeam "MTK Budapest"]
[WhiteTeamCountry "HUN"]
[BlackTeamCountry "HUN"]

1. b3 Nf6 2. Bb2 g6 3. Nf3 Bg7 4. g3 O-O 5. Bg2 c5 6. c4 d6 7. O-O e5 8. Nc3
Nc6 9. d3 Ne8 10. e3 Nc7 11. Rc1 Rb8 12. Qc2 h6 13. Qb1 Be6 14. Qa1 Bf5 15.
Rfd1 Qd7 16. d4 exd4 17. exd4 Nxd4 18. Nxd4 Bxd4 19. Rxd4 cxd4 20. Ne2 d3 21.
Nf4 Kh7 22. Rd1 b5 23. g4 Bxg4 24. Rxd3 bxc4 25. Rg3 Qf5 26. h3 Qxf4 27. Rxg4
Qd2 28. Rd4 Qa5 29. Rxc4 Ne6 30. Rh4 h5 31. Ra4 Qf5 32. Bf6 Rbc8 33. Be4 Qc5
34. Rc4 Qa5 35. Qd1 Rxc4 36. bxc4 Nf4 37. Qf3 Re8 38. Bc3 Qg5+ 39. Kf1 Qh4 40.
Ke1 f5 0-1

[Event "NB I. Charousek csoport"]
[Site "Budapest"]
[Date "2024.03.10"]
[Round "8.8"]
[White "Fodor, Balazs"]
[Black "Solty, Laszlo"]
[Result "1/2-1/2"]
[WhiteElo "2252"]
[BlackElo "2043"]
[PlyCount "110"]
[EventDate "2023.10.08"]
[EventType "team-tourn"]
[EventRounds "11"]
[EventCountry "HUN"]
[Source "chess.hu"]
[WhiteTeam "MTK Budapest"]
[BlackTeam "Komloi BSK"]
[WhiteTeamCountry "HUN"]
[BlackTeamCountry "HUN"]

1. Nf3 Nf6 2. c4 c5 3. g3 Nc6 4. Bg2 g6 5. O-O Bg7 6. d4 cxd4 7. Nxd4 O-O 8.
Nc3 d6 9. e3 Bd7 10. b3 Qc8 11. Re1 Re8 12. Bb2 Bh3 13. Rc1 Bxg2 14. Kxg2 Qd7
15. e4 b6 16. Nxc6 Qxc6 17. Nd5 Nd7 18. Bxg7 Kxg7 19. Qd4+ f6 20. h4 e6 21. Nc3
Ne5 22. Rcd1 Red8 23. h5 Qc5 24. Qd2 Nf7 25. Rh1 g5 26. Qe2 h6 27. Nb5 Rd7 28.
Qg4 Re8 29. Nd4 Rde7 30. f4 Nd8 31. Rhf1 Nc6 32. fxg5 fxg5 33. Nxc6 Qxc6 34.
Qf3 Kg8 35. Rde1 Rg7 36. Qf6 Qb7 37. Rf2 g4 38. Rf4 Qd7 39. Rd1 Ree7 40. Rdf1
Qb7 41. Qf8+ Kh7 42. Rd1 Qc7 43. Qf6 Qc5 44. Rxg4 Qxh5 45. Rxg7+ Rxg7 46. Qf3
Qe5 47. a4 Qb2+ 48. Kh3 Qe5 49. Rf1 Qg5 50. Qf4 Qh5+ 51. Kg2 Qe2+ 52. Rf2 Qd3
53. Rf3 Qe2+ 54. Rf2 Qd3 55. Rf3 Qe2+ 1/2-1/2

[Event "NB I. Charousek csoport"]
[Site "Budapest"]
[Date "2024.03.10"]
[Round "8.9"]
[White "Jaro, Benjamin"]
[Black "Terbe, Zsuzsanna"]
[Result "0-1"]
[WhiteElo "2025"]
[BlackElo "2178"]
[PlyCount "74"]
[EventDate "2023.10.08"]
[EventType "team-tourn"]
[EventRounds "11"]
[EventCountry "HUN"]
[Source "chess.hu"]
[WhiteTeam "Komloi BSK"]
[BlackTeam "MTK Budapest"]
[WhiteTeamCountry "HUN"]
[BlackTeamCountry "HUN"]

1. c4 c6 2. Nc3 d5 3. d4 Nf6 4. Nf3 e6 5. e3 a6 6. a3 c5 7. cxd5 exd5 8. dxc5
Bxc5 9. b4 Ba7 10. Bb2 O-O 11. Be2 Nc6 12. O-O Qd6 13. Rc1 Bg4 14. Qb3 Rad8 15.
Rfd1 Rfe8 16. h3 Bh5 17. Nh4 d4 18. Bxh5 Nxh5 19. Ne2 d3 20. Nd4 Nxd4 21. Bxd4
Bxd4 22. Nf5 Qg6 23. Nxd4 Rxd4 24. exd4 Nf4 25. g3 Ne2+ 26. Kh2 Qf6 27. Kg2
Nxc1 28. Rxc1 Qxd4 29. Rd1 Re2 30. Rf1 h6 31. b5 d2 32. bxa6 bxa6 33. Qb8+ Kh7
34. Qb1+ g6 35. Qb7 Kg7 36. Qb1 Rxf2+ 37. Rxf2 d1=Q 0-1

[Event "NB I. Charousek csoport"]
[Site "Budapest"]
[Date "2024.03.10"]
[Round "8.10"]
[White "Gergely, Daniel"]
[Black "Lantos, Levente"]
[Result "1-0"]
[WhiteElo "2230"]
[BlackElo "2078"]
[PlyCount "65"]
[EventDate "2023.10.08"]
[EventType "team-tourn"]
[EventRounds "11"]
[EventCountry "HUN"]
[Source "chess.hu"]
[WhiteTeam "MTK Budapest"]
[BlackTeam "Komloi BSK"]
[WhiteTeamCountry "HUN"]
[BlackTeamCountry "HUN"]

1. d4 Nf6 2. c4 e6 3. Nc3 d5 4. cxd5 exd5 5. Bg5 c6 6. e3 Be7 7. Bd3 O-O 8. Qc2
h6 9. Bh4 Re8 10. Nf3 Nbd7 11. Bg3 Nf8 12. h3 Be6 13. O-O Nh5 14. Bh2 g6 15.
Ne5 Ng7 16. f4 f5 17. g4 Bf6 18. Qg2 Kh7 19. Kh1 Qe7 20. Rg1 Bxe5 21. fxe5 fxg4
22. hxg4 Qg5 23. Qh3 h5 24. Be2 Qh6 25. Bf4 g5 26. Bd3+ Kh8 27. Bh2 Ng6 28.
Raf1 Rf8 29. Rf6 Rxf6 30. exf6 Ne8 31. Qxh5 Qxh5 32. gxh5 Nh4 33. f7 1-0

[Event "NB I. Charousek csoport"]
[Site "Budapest"]
[Date "2024.03.10"]
[Round "8.11"]
[White "Juhasz, Zoltan"]
[Black "Toth, Lili"]
[Result "1/2-1/2"]
[WhiteElo "1994"]
[BlackElo "1975"]
[PlyCount "43"]
[EventDate "2023.10.08"]
[EventType "team-tourn"]
[EventRounds "11"]
[EventCountry "HUN"]
[Source "chess.hu"]
[WhiteTeam "Komloi BSK"]
[BlackTeam "MTK Budapest"]
[WhiteTeamCountry "HUN"]
[BlackTeamCountry "HUN"]

1. e4 e5 2. Nf3 Nc6 3. Bc4 Nf6 4. d3 Bc5 5. c3 d6 6. Bb3 a5 7. Nbd2 Be6 8. Nf1
Ba7 9. Be3 O-O 10. Bxa7 Rxa7 11. Ng3 Ne7 12. d4 Bxb3 13. Qxb3 Ng6 14. dxe5 Nxe5
15. Nxe5 dxe5 16. Rd1 Qe7 17. O-O g6 18. Qc4 a4 19. Rd2 Rb8 20. b4 axb3 21.
axb3 Kg7 22. b4 1/2-1/2

[Event "NB I. Charousek csoport"]
[Site "Budapest"]
[Date "2024.03.10"]
[Round "8.12"]
[White "Broderick, Tamas"]
[Black "Csiszar, Viktoria"]
[Result "1/2-1/2"]
[WhiteElo "1920"]
[BlackElo "1892"]
[PlyCount "53"]
[EventDate "2023.10.08"]
[EventType "team-tourn"]
[EventRounds "11"]
[EventCountry "HUN"]
[Source "chess.hu"]
[WhiteTeam "MTK Budapest"]
[BlackTeam "Komloi BSK"]
[WhiteTeamCountry "HUN"]
[BlackTeamCountry "HUN"]

1. d4 Nf6 2. Nf3 c5 3. d5 d6 4. c4 b5 5. cxb5 a6 6. bxa6 Bxa6 7. Nc3 g6 8. g3
Bg7 9. Bg2 O-O 10. O-O Nbd7 11. Re1 Qb6 12. Qc2 Rfb8 13. h3 Qb7 14. e4 c4 15.
Nd4 Ne5 16. Nc6 Nd3 17. Re2 Re8 18. f4 Nxc1 19. Rxc1 Qb6+ 20. Kh2 Nd7 21. e5
Nc5 22. exd6 exd6 23. Rce1 Rxe2 24. Rxe2 Nd3 25. Na4 Qb5 26. Nc3 Qb6 27. Na4
1/2-1/2

[Event "NB I. Charousek csoport"]
[Site "Komlo"]
[Date "2024.04.07"]
[Round "9.1"]
[White "Seres, Lajos"]
[Black "Csiszar, Csaba"]
[Result "1/2-1/2"]
[WhiteElo "2325"]
[BlackElo "2368"]
[PlyCount "20"]
[EventDate "2023.10.08"]
[EventType "team-tourn"]
[EventRounds "11"]
[EventCountry "HUN"]
[Source "chess.hu"]
[WhiteTeam "SZ-A STE"]
[BlackTeam "Komloi BSK"]
[WhiteTeamCountry "HUN"]
[BlackTeamCountry "HUN"]

1. d4 Nf6 2. Nf3 e6 3. c4 c5 4. e3 cxd4 5. exd4 Bb4+ 6. Bd2 Bxd2+ 7. Nbxd2 b6
8. g3 Bb7 9. Bg2 O-O 10. O-O d5 1/2-1/2

[Event "NB I. Charousek csoport"]
[Site "Komlo"]
[Date "2024.04.07"]
[Round "9.2"]
[White "Karsa, Laszlo"]
[Black "Magold, Filip"]
[Result "0-1"]
[WhiteElo "2319"]
[BlackElo "2408"]
[PlyCount "114"]
[EventDate "2023.10.08"]
[EventType "team-tourn"]
[EventRounds "11"]
[EventCountry "HUN"]
[Source "chess.hu"]
[WhiteTeam "Komloi BSK"]
[BlackTeam "SZ-A STE"]
[WhiteTeamCountry "HUN"]
[BlackTeamCountry "HUN"]

1. d4 Nf6 2. c4 c6 3. Nc3 d5 4. cxd5 cxd5 5. Nf3 Nc6 6. Bf4 Bf5 7. e3 a6 8. Be2
e6 9. O-O Bd6 10. Bxd6 Qxd6 11. Rc1 O-O 12. h3 b5 13. Bd3 Bg6 14. Bxg6 hxg6 15.
Qd3 Rfc8 16. Rfd1 Rc7 17. e4 dxe4 18. Nxe4 Nxe4 19. Qxe4 Rd8 20. Kh1 Ne7 21.
Qe5 Qxe5 22. dxe5 Rxd1+ 23. Rxd1 Nd5 24. Rd2 Kf8 25. a3 Ke7 26. g3 Rc6 27. Kg2
Nb6 28. Ng5 Nc4 29. Re2 Rc5 30. f4 Rd5 31. Ne4 Rd1 32. Nc3 Rd3 33. Ne4 Rb3 34.
Nc5 Rxb2 35. Rxb2 Nxb2 36. Nxa6 Nc4 37. Kf3 Nxa3 38. Ke4 Kd7 39. Kd4 Kc6 40.
Nb4+ Kb6 41. g4 Nc4 42. Kc3 g5 43. fxg5 Nxe5 44. Nd3 Nxd3 45. Kxd3 Kc5 46. h4
Kd5 47. h5 Ke5 48. h6 gxh6 49. gxh6 Kf6 50. g5+ Kg6 51. Kd4 f6 52. gxf6 Kxf6
53. Kc5 Kg6 54. Kxb5 Kxh6 55. Kc4 Kg5 56. Kd3 Kf4 57. Ke2 Ke4 0-1

[Event "NB I. Charousek csoport"]
[Site "Komlo"]
[Date "2024.04.07"]
[Round "9.3"]
[White "Takacs, Balazs"]
[Black "Ivan, Attila"]
[Result "1/2-1/2"]
[WhiteElo "2324"]
[BlackElo "2219"]
[PlyCount "45"]
[EventDate "2023.10.08"]
[EventType "team-tourn"]
[EventRounds "11"]
[EventCountry "HUN"]
[Source "chess.hu"]
[WhiteTeam "SZ-A STE"]
[BlackTeam "Komloi BSK"]
[WhiteTeamCountry "HUN"]
[BlackTeamCountry "HUN"]

1. e4 e5 2. Nf3 Nc6 3. Bc4 Nf6 4. d3 Bc5 5. c3 d6 6. Bb3 h6 7. h3 a6 8. Nbd2
O-O 9. Nf1 Ba7 10. g4 d5 11. Qe2 Be6 12. g5 dxe4 13. dxe4 hxg5 14. Bxg5 Bxb3
15. axb3 Qd6 16. Ng3 Qe6 17. Rg1 Ne7 18. Nf5 g6 19. Bh6 Rfd8 20. N3h4 Kh8 21.
Bg7+ Kg8 22. Bh6 Kh8 23. Bg7+ 1/2-1/2

[Event "NB I. Charousek csoport"]
[Site "Komlo"]
[Date "2024.04.07"]
[Round "9.4"]
[White "Amrein, Roland"]
[Black "Gjuran, Denis"]
[Result "1/2-1/2"]
[WhiteElo "2160"]
[BlackElo "2286"]
[PlyCount "23"]
[EventDate "2023.10.08"]
[EventType "team-tourn"]
[EventRounds "11"]
[EventCountry "HUN"]
[Source "chess.hu"]
[WhiteTeam "Komloi BSK"]
[BlackTeam "SZ-A STE"]
[WhiteTeamCountry "HUN"]
[BlackTeamCountry "HUN"]

1. b3 d5 2. Bb2 Bf5 3. Nf3 e6 4. g3 Nf6 5. Bg2 h6 6. d3 Be7 7. Nbd2 O-O 8. O-O
Bh7 9. c4 c6 10. a3 a5 11. Rc1 Na6 12. Qc2 1/2-1/2

[Event "NB I. Charousek csoport"]
[Site "Komlo"]
[Date "2024.04.07"]
[Round "9.5"]
[White "Ronai, Akos Balazs"]
[Black "Kresz, Adam"]
[Result "1-0"]
[WhiteElo "2171"]
[BlackElo "2149"]
[PlyCount "81"]
[EventDate "2023.10.08"]
[EventType "team-tourn"]
[EventRounds "11"]
[EventCountry "HUN"]
[Source "chess.hu"]
[WhiteTeam "SZ-A STE"]
[BlackTeam "Komloi BSK"]
[WhiteTeamCountry "HUN"]
[BlackTeamCountry "HUN"]

1. e4 e6 2. d4 d5 3. Nc3 Bb4 4. exd5 exd5 5. Bd3 Nc6 6. a3 Bxc3+ 7. bxc3 Nge7
8. Ne2 Bf5 9. O-O Bxd3 10. cxd3 O-O 11. Ng3 Qd7 12. h4 Kh8 13. Qf3 Rae8 14. a4
f5 15. Nh5 Ng6 16. Nf4 Nxf4 17. Bxf4 Ne7 18. h5 Ng8 19. Rfb1 b6 20. Rb5 c6 21.
Rbb1 h6 22. Be5 Nf6 23. Qf4 Kg8 24. a5 b5 25. Bxf6 Rxf6 26. Re1 Rfe6 27. Re5
Rxe5 28. dxe5 Qf7 29. Re1 Qxh5 30. e6 Qg5 31. Qc7 Re7 32. Qxc6 f4 33. f3 Kh7
34. Qxb5 Qf6 35. Qc6 h5 36. d4 h4 37. Qxd5 g5 38. Re5 Kh6 39. Qe4 Kh5 40. d5 h3
41. d6 1-0

[Event "NB I. Charousek csoport"]
[Site "Komlo"]
[Date "2024.04.07"]
[Round "9.6"]
[White "Benedek, Istvan"]
[Black "Titan, Matej"]
[Result "0-1"]
[WhiteElo "2172"]
[BlackElo "2181"]
[PlyCount "80"]
[EventDate "2023.10.08"]
[EventType "team-tourn"]
[EventRounds "11"]
[EventCountry "HUN"]
[Source "chess.hu"]
[WhiteTeam "Komloi BSK"]
[BlackTeam "SZ-A STE"]
[WhiteTeamCountry "HUN"]
[BlackTeamCountry "HUN"]

1. e4 e5 2. Nf3 Nc6 3. Bc4 Nf6 4. d4 exd4 5. e5 d5 6. Bb5 Nd7 7. O-O Be7 8. Re1
O-O 9. Bxc6 bxc6 10. Nxd4 Nb8 11. Qh5 c5 12. Nf5 Bxf5 13. Qxf5 Nc6 14. c3 Qc8
15. Qh5 Qe6 16. f4 f5 17. Nd2 Rab8 18. Qf3 Rfd8 19. b3 a5 20. Bb2 a4 21. c4 d4
22. Rab1 Nb4 23. bxa4 Nxa2 24. Ba3 Nc3 25. Rb7 Rxb7 26. Qxb7 Qb6 27. Qf3 Rb8
28. e6 Qa5 29. Qd3 Ne4 30. Bc1 g6 31. Kf1 Nxd2+ 32. Bxd2 Qxa4 33. Rc1 Rb2 34.
Be1 Qc6 35. Bf2 Bh4 36. Rc2 Rb1+ 37. Ke2 Qxe6+ 38. Kf3 Qc6+ 39. Ke2 Qxg2 40.
Qf3 d3+ 0-1

[Event "NB I. Charousek csoport"]
[Site "Komlo"]
[Date "2024.04.07"]
[Round "9.7"]
[White "Kovac, Boris"]
[Black "Kresz, Tamas"]
[Result "1-0"]
[WhiteElo "2157"]
[BlackElo "2135"]
[PlyCount "83"]
[EventDate "2023.10.08"]
[EventType "team-tourn"]
[EventRounds "11"]
[EventCountry "HUN"]
[Source "chess.hu"]
[WhiteTeam "SZ-A STE"]
[BlackTeam "Komloi BSK"]
[WhiteTeamCountry "HUN"]
[BlackTeamCountry "HUN"]

1. e4 c5 2. Nf3 Nc6 3. Nc3 e5 4. Bb5 d6 5. O-O Nf6 6. d3 Be7 7. Nd5 O-O 8. Bxc6
bxc6 9. Nxe7+ Qxe7 10. h3 Nh5 11. g4 Nf4 12. Bxf4 exf4 13. Qd2 g5 14. Rfe1 h5
15. Nh2 f6 16. f3 hxg4 17. hxg4 Kg7 18. Kg2 Rh8 19. Rh1 Rb8 20. b3 Be6 21. Rag1
Qd7 22. Kf2 d5 23. Nf1 Rbd8 24. Rxh8 Rxh8 25. Ke1 dxe4 26. dxe4 Qd4 27. Qxd4
cxd4 28. Ke2 Kf7 29. Kd3 c5 30. Nd2 Rh3 31. Rg2 Ke7 32. Ke2 Kd6 33. Rg1 Rh2+
34. Kd3 Rh3 35. Ke2 c4 36. bxc4 Kc5 37. Kd3 Rh2 38. Nb3+ Kb4 39. a3+ Kxa3 40.
Nxd4 Bd7 41. Kc3 Ka2 42. Nb3 1-0

[Event "NB I. Charousek csoport"]
[Site "Komlo"]
[Date "2024.04.07"]
[Round "9.8"]
[White "Jeszenszky, Jozsef"]
[Black "Volosin, Vladimir"]
[Result "1/2-1/2"]
[WhiteElo "2029"]
[BlackElo "2168"]
[PlyCount "26"]
[EventDate "2023.10.08"]
[EventType "team-tourn"]
[EventRounds "11"]
[EventCountry "HUN"]
[Source "chess.hu"]
[WhiteTeam "Komloi BSK"]
[BlackTeam "SZ-A STE"]
[WhiteTeamCountry "HUN"]
[BlackTeamCountry "HUN"]

1. d4 c6 2. c4 d5 3. cxd5 cxd5 4. Bf4 Nc6 5. e3 Nf6 6. Nc3 a6 7. Bd3 e6 8. Rc1
Bd6 9. Bxd6 Qxd6 10. f4 h5 11. Nf3 Bd7 12. Ne5 Ne7 13. O-O b5 1/2-1/2

[Event "NB I. Charousek csoport"]
[Site "Komlo"]
[Date "2024.04.07"]
[Round "9.9"]
[White "Nagy-Elek, Tamas"]
[Black "Lantos, Levente"]
[Result "1/2-1/2"]
[WhiteElo "2075"]
[BlackElo "2076"]
[PlyCount "22"]
[EventDate "2023.10.08"]
[EventType "team-tourn"]
[EventRounds "11"]
[EventCountry "HUN"]
[Source "chess.hu"]
[WhiteTeam "SZ-A STE"]
[BlackTeam "Komloi BSK"]
[WhiteTeamCountry "HUN"]
[BlackTeamCountry "HUN"]

1. d4 Nf6 2. Nc3 d5 3. Bf4 c6 4. e3 g6 5. h3 Bg7 6. Nf3 Nbd7 7. g4 O-O 8. Bg2
b5 9. a4 b4 10. Na2 a5 11. O-O Ne4 1/2-1/2

[Event "NB I. Charousek csoport"]
[Site "Komlo"]
[Date "2024.04.07"]
[Round "9.10"]
[White "Juhasz, Zoltan"]
[Black "Magold, Victor"]
[Result "0-1"]
[WhiteElo "1995"]
[BlackElo "1996"]
[PlyCount "84"]
[EventDate "2023.10.08"]
[EventType "team-tourn"]
[EventRounds "11"]
[EventCountry "HUN"]
[Source "chess.hu"]
[WhiteTeam "Komloi BSK"]
[BlackTeam "SZ-A STE"]
[WhiteTeamCountry "HUN"]
[BlackTeamCountry "HUN"]

1. e4 c5 2. Nc3 d6 3. g3 a6 4. Bg2 Nc6 5. d3 Nf6 6. h3 e6 7. Be3 Be7 8. Nge2
O-O 9. O-O Qc7 10. f4 b5 11. Qd2 b4 12. Nd1 Bb7 13. c3 d5 14. e5 Nd7 15. d4
cxd4 16. cxd4 Rac8 17. Rc1 Nb6 18. b3 Qd7 19. g4 f5 20. exf6 Bxf6 21. Nf2 Be7
22. Nd3 a5 23. Nc5 Bxc5 24. dxc5 Na8 25. Nd4 Nxd4 26. Qxd4 Bc6 27. Qe5 Nc7 28.
Bd4 Nb5 29. Bb2 d4 30. Rcd1 Bxg2 31. Kxg2 Rfd8 32. f5 exf5 33. Rxf5 Re8 34. Qg3
Re2+ 35. Rf2 Qd5+ 36. Kg1 Rxf2 37. Qxf2 Rf8 38. Qd2 Rd8 39. Rc1 Nc3 40. Qf2 Rf8
41. Qd2 Qxc5 42. Qd3 Ne2+ 0-1

[Event "NB I. Charousek csoport"]
[Site "Komlo"]
[Date "2024.04.07"]
[Round "9.11"]
[White "Rendi, Eva"]
[Black "Majnay, Peter"]
[Result "1/2-1/2"]
[WhiteElo "2006"]
[BlackElo "1967"]
[PlyCount "20"]
[EventDate "2023.10.08"]
[EventType "team-tourn"]
[EventRounds "11"]
[EventCountry "HUN"]
[Source "chess.hu"]
[WhiteTeam "SZ-A STE"]
[BlackTeam "Komloi BSK"]
[WhiteTeamCountry "HUN"]
[BlackTeamCountry "HUN"]

1. e4 c6 2. d4 d5 3. exd5 cxd5 4. c4 Nf6 5. Nc3 Nc6 6. Be3 Bg4 7. f3 Be6 8.
Nge2 dxc4 9. Nf4 Bd5 10. Qa4 e6 1/2-1/2

[Event "NB I. Charousek csoport"]
[Site "Komlo"]
[Date "2024.04.07"]
[Round "9.12"]
[White "Csiszar, Viktoria"]
[Black "Szabo, Zsombor"]
[Result "1-0"]
[WhiteElo "1898"]
[BlackElo "1792"]
[PlyCount "59"]
[EventDate "2023.10.08"]
[EventType "team-tourn"]
[EventRounds "11"]
[EventCountry "HUN"]
[Source "chess.hu"]
[WhiteTeam "Komloi BSK"]
[BlackTeam "SZ-A STE"]
[WhiteTeamCountry "HUN"]
[BlackTeamCountry "HUN"]

1. e4 e6 2. Qe2 Be7 3. g3 d5 4. d3 Nf6 5. Bg2 O-O 6. Nf3 c5 7. O-O Nc6 8. e5
Nd7 9. c4 dxc4 10. dxc4 Qc7 11. Bf4 a6 12. Nc3 Rb8 13. a4 Nb6 14. b3 Bd7 15.
Ne4 Rfe8 16. Rad1 Nc8 17. Qe3 Nd4 18. Nf6+ Bxf6 19. exf6 Nxf3+ 20. Bxf3 e5 21.
Bg5 Na7 22. Be4 b5 23. Qd3 Bc6 24. Bxh7+ Kh8 25. Qf5 Re6 26. Qh3 gxf6 27. Bf5+
Kg8 28. Qh7+ Kf8 29. Bxe6 fxg5 30. Rd7 1-0

[Event "NB I. Charousek csoport"]
[Site "Gyor"]
[Date "2024.04.07"]
[Round "9.1"]
[White "Juhasz, Agoston"]
[Black "Margl, Roland"]
[Result "1-0"]
[WhiteElo "2418"]
[BlackElo "2280"]
[PlyCount "75"]
[EventDate "2023.10.08"]
[EventType "team-tourn"]
[EventRounds "11"]
[EventCountry "HUN"]
[Source "chess.hu"]
[WhiteTeam "MTK Budapest"]
[BlackTeam "Szechenyi ESE Gyor"]
[WhiteTeamCountry "HUN"]
[BlackTeamCountry "HUN"]

1. e4 c5 2. Nf3 Nc6 3. Bb5 d6 4. O-O Bd7 5. Re1 a6 6. Bf1 Bg4 7. h3 Bxf3 8.
Qxf3 Nf6 9. c3 e6 10. d3 Be7 11. Qg3 O-O 12. Be3 Kh8 13. Nd2 d5 14. e5 Nd7 15.
d4 c4 16. Be2 b5 17. Bd1 b4 18. Nf3 Qa5 19. Bd2 bxc3 20. Bxc3 Bb4 21. Re3 Rab8
22. Bc2 h6 23. a4 Bxc3 24. bxc3 Rb2 25. Rc1 Qd8 26. Nh2 Qe7 27. Ng4 h5 28. Nh2
Rfb8 29. Nf3 Ra2 30. Ng5 Rbb2 31. Rf3 Rxc2 32. Rxc2 Rxc2 33. Rxf7 Qe8 34. Qf3
g6 35. Rxd7 Kg8 36. Rd6 Qe7 37. Rxc6 Qxg5 38. Rc8+ 1-0

[Event "NB I. Charousek csoport"]
[Site "Gyor"]
[Date "2024.04.07"]
[Round "9.2"]
[White "Gyurkovics, Bence Dr"]
[Black "Juhasz, Armin"]
[Result "1/2-1/2"]
[WhiteElo "2260"]
[BlackElo "2383"]
[PlyCount "71"]
[EventDate "2023.10.08"]
[EventType "team-tourn"]
[EventRounds "11"]
[EventCountry "HUN"]
[Source "chess.hu"]
[WhiteTeam "Szechenyi ESE Gyor"]
[BlackTeam "MTK Budapest"]
[WhiteTeamCountry "HUN"]
[BlackTeamCountry "HUN"]

1. d4 Nf6 2. c4 g6 3. Nf3 Bg7 4. Nc3 d5 5. e3 O-O 6. Qb3 e6 7. Bd2 b6 8. Rc1 c5
9. Be2 cxd4 10. Nxd4 e5 11. Nf3 d4 12. Nd5 Nbd7 13. exd4 Nxd5 14. cxd5 exd4 15.
Bg5 Qe8 16. Qc4 Bb7 17. Nxd4 Qe5 18. Nf3 Qxb2 19. O-O Ne5 20. Qc2 Qxc2 21. Rxc2
Bxd5 22. Nxe5 Bxe5 23. Ba6 Be6 24. Re2 Bd4 25. Rd1 Bc5 26. h3 Rab8 27. Bf6 Bc8
28. Bc4 b5 29. Rd5 Bxf2+ 30. Kxf2 bxc4 31. Re7 a6 32. Rc5 Rb5 33. Rec7 Be6 34.
g4 h6 35. R5c6 Bd5 36. Rxa6 1/2-1/2

[Event "NB I. Charousek csoport"]
[Site "Gyor"]
[Date "2024.04.07"]
[Round "9.3"]
[White "Papp, Levente"]
[Black "Molnar, Erno"]
[Result "1/2-1/2"]
[WhiteElo "2355"]
[BlackElo "2218"]
[PlyCount "40"]
[EventDate "2023.10.08"]
[EventType "team-tourn"]
[EventRounds "11"]
[EventCountry "HUN"]
[Source "chess.hu"]
[WhiteTeam "MTK Budapest"]
[BlackTeam "Szechenyi ESE Gyor"]
[WhiteTeamCountry "HUN"]
[BlackTeamCountry "HUN"]

1. c4 e5 2. g3 c6 3. Nf3 e4 4. Nd4 Nf6 5. Bg2 Qb6 6. Nb3 a5 7. d3 a4 8. N3d2
Bc5 9. O-O e3 10. fxe3 Bxe3+ 11. Kh1 Ng4 12. Ne4 O-O 13. Nbc3 Bxc1 14. Qxc1 d5
15. cxd5 Ne3 16. Rf3 Nxd5 17. Qg5 h6 18. Nxd5 cxd5 19. Qxd5 Be6 20. Qh5 Ra5
1/2-1/2

[Event "NB I. Charousek csoport"]
[Site "Gyor"]
[Date "2024.04.07"]
[Round "9.4"]
[White "Finszter, Mate"]
[Black "Kovacsy, Barnabas"]
[Result "1/2-1/2"]
[WhiteElo "2226"]
[BlackElo "2275"]
[PlyCount "105"]
[EventDate "2023.10.08"]
[EventType "team-tourn"]
[EventRounds "11"]
[EventCountry "HUN"]
[Source "chess.hu"]
[WhiteTeam "Szechenyi ESE Gyor"]
[BlackTeam "MTK Budapest"]
[WhiteTeamCountry "HUN"]
[BlackTeamCountry "HUN"]

1. b3 d5 2. Bb2 Bg4 3. f3 Bf5 4. e4 dxe4 5. Nc3 Nf6 6. g4 Bg6 7. g5 Nd5 8. h4
Nxc3 9. Bxc3 h6 10. Rh3 hxg5 11. hxg5 Rxh3 12. Nxh3 Qd6 13. fxe4 Qg3+ 14. Nf2
Qxg5 15. Qe2 Nc6 16. Qb5 Qxb5 17. Bxb5 O-O-O 18. Bxc6 bxc6 19. O-O-O e6 20. d3
Bc5 21. Rf1 f6 22. b4 Be3+ 23. Bd2 Bxd2+ 24. Kxd2 Rg8 25. Rh1 Kd7 26. c3 Ke7
27. Ke3 a5 28. a3 axb4 29. cxb4 Ra8 30. Ra1 e5 31. d4 exd4+ 32. Kxd4 Kd6 33. a4
Rb8 34. Nd3 Bh5 35. Ra2 Bf7 36. Rg2 Bb3 37. a5 g5 38. Rh2 g4 39. Rh6 Ke7 40.
Rh7+ Kf8 41. Rxc7 g3 42. Rxc6 g2 43. Rc1 Bc2 44. Nf4 Rxb4+ 45. Kc3 Rxe4 46.
Nxg2 Ra4 47. Rxc2 Rxa5 48. Kd4 Kf7 49. Nf4 Ra4+ 50. Ke3 Ra3+ 51. Ke4 f5+ 52.
Kxf5 Ra5+ 53. Ke4 1/2-1/2